| 000 | 00589nam a2200229Ia 4500 | ||
|---|---|---|---|
| 008 | 180523s9999 xx 000 0 und d | ||
| 020 | _a0-03-021112-3 | ||
| 050 | _aMAIN HF 1416 | ||
| 050 | _b.T47 2000 | ||
| 100 | _aTerpstra, Vern. | ||
| 245 | 0 | _aInternational marketing / | |
| 245 | 0 | _cVern Terpstra, Ravi Sarathy. | |
| 250 | _a8th Edition | ||
| 260 | _aSingapore : | ||
| 260 | _bHarcourt, | ||
| 260 | _c2000 | ||
| 300 | _a753 pages : | ||
| 300 | _bcolored illustrations ; | ||
| 300 | _c24 cm. | ||
| 500 | _aIncludes index. | ||
| 650 | _aExport marketing -- Management. | ||
| 999 |
_c357002 _d357002 |
||